Charities and the commons : a weekly journal of philanthropy and social advance.

Bibliographic Details
New Title:Survey (New York, N.Y. : 1909)
Previous Title:Commons
Jewish charity
Charities
Corporate Author: Charity Organization Society of the City of New York. Publication Committee
Format: Journal
Language:English
Published: New York : Publication Committee of the New York Charity Organization Society, [1905/1906-1909]
Subjects:

MARC

Tag First Indicator Second Indicator Subfields
LEADER 00000cas a2200000 a 4500
001 in00004784521
008 781016d19051909nyuwr p 0 a0eng c
005 20240322174403.7
010 |a sf 85001098  
035 |a (OCoLC)ocm04295877 
040 |a VJA  |b eng  |c VJA  |d NYG  |d DLC  |d IUL  |d OCL  |d NST  |d OCLCQ  |d UKMGB  |d OCLCQ  |d MTG  |d OCLCF  |d OCLCO  |d OCL  |d ZCU  |d NLC  |d OCLCQ  |d HTM  |d PUL  |d OCLCL 
012 |a 3  |b 3  |i 8505 
016 |a (AMICUS)000005510129 
016 7 |a 011748415  |2 Uk 
019 |a 1032847460  |a 1081437015 
035 |a (OCoLC)4295877  |z (OCoLC)1032847460  |z (OCoLC)1081437015 
042 |a pcc 
043 |a n-us--- 
050 0 0 |a HV1  |b .S8 
082 0 4 |a 361.973  |b qS963 
245 0 0 |a Charities and the commons :  |b a weekly journal of philanthropy and social advance. 
264 1 |a New York :  |b Publication Committee of the New York Charity Organization Society,  |c [1905/1906-1909] 
300 |a 7 volumes :  |b illustrations ;  |c 25 cm 
310 |a Weekly 
336 |a text  |b txt  |2 rdacontent 
337 |a unmediated  |b n  |2 rdamedia 
338 |a volume  |b nc  |2 rdacarrier 
362 0 |a Vol. 15, no. 5 (Nov. 4, 1905)-v. 21, no. 26 (Mar. 1909). 
500 |a Title from cover. 
650 0 |a Charities  |v Periodicals. 
650 0 |a Social problems  |v Periodicals. 
651 0 |a United States  |x Social conditions  |v Periodicals. 
650 7 |a Charities.  |2 fast  |0 (OCoLC)fst00852404 
650 7 |a Social conditions  |2 fast  |0 (OCoLC)fst01919811 
650 7 |a Social problems.  |2 fast  |0 (OCoLC)fst01122778 
651 7 |a United States.  |2 fast  |0 (OCoLC)fst01204155  |1 https://id.oclc.org/worldcat/entity/E39PBJtxgQXMWqmjMjjwXRHgrq 
655 7 |a Periodicals.  |2 fast  |0 (OCoLC)fst01411641 
655 7 |a Periodicals.  |2 lcgft  |0 http://id.loc.gov/authorities/genreForms/gf2014026139  |0 (uri) http://id.loc.gov/authorities/genreForms/gf2014026139 
710 2 |a Charity Organization Society of the City of New York.  |b Publication Committee. 
776 0 8 |i Online version:  |t Charities and the commons  |w (OCoLC)663346897 
780 0 5 |t Commons  |g Nov. 1905  |w (OCoLC)8784202 
780 0 5 |t Jewish charity  |g Mar. 1906 
780 0 0 |t Charities  |w (DLC)sf 85001097  |w (OCoLC)4295891 
785 0 0 |t Survey (New York, N.Y. : 1909)  |w (DLC)sf 85001096  |w (OCoLC)6063674 
850 |a CU-Riv  |a DLC  |a InU  |a NcD  |a NvU 
936 |a Unknown  |a Nov. 4, 1905 
029 1 |a AU@  |b 000040208575 
029 1 |a NLC  |b 000005510129 
029 1 |a NLGGC  |b 225850400 
994 |a Z0  |b TXA 
948 |h HELD BY TXA - 199 OTHER HOLDINGS 
999 f f |s a425d466-f943-4d6b-9b39-a41fea1701d1  |i 5c940d9f-0f2c-424b-9daf-c154cdd39134  |t 0 
952 f f |p ric  |a Texas A&M University  |b Rellis Campus  |c Joint Library Facility  |d Remote Storage  |t 0  |e HV1 .S8   |h Library of Congress classification  |i unmediated -- volume  |k v.17:no.1-23  |l 1906:Oct.6-1907:Mar.9  |m A14827647278 
952 f f |p ric  |a Texas A&M University  |b Rellis Campus  |c Joint Library Facility  |d Remote Storage  |t 0  |e HV1 .S8   |h Library of Congress classification  |i unmediated -- volume  |k v.18  |l 1907  |m A14816945647 
952 f f |p ric  |a Texas A&M University  |b Rellis Campus  |c Joint Library Facility  |d Remote Storage  |t 0  |e HV1 .S8   |h Library of Congress classification  |i unmediated -- volume  |k v.21  |l 1908-1909  |m A14852592584 
952 f f |p ric  |a Texas A&M University  |b Rellis Campus  |c Joint Library Facility  |d Remote Storage  |t 0  |e HV1 .S8   |h Library of Congress classification  |i unmediated -- volume  |k v.20  |l 1909  |m A14827647082 
952 f f |p ric  |a Texas A&M University  |b Rellis Campus  |c Joint Library Facility  |d Remote Storage  |t 0  |e HV1 .S8   |h Library of Congress classification  |i unmediated -- volume  |k v.15:no.1-26  |l 1905-1906  |m A14816931834 
952 f f |p ric  |a Texas A&M University  |b Rellis Campus  |c Joint Library Facility  |d Remote Storage  |t 0  |e HV1 .S8   |h Library of Congress classification  |i unmediated -- volume  |k v.16  |l 1906  |m A14852592576 
952 f f |p ric  |a Texas A&M University  |b Rellis Campus  |c Joint Library Facility  |d Remote Storage  |t 0  |e HV1 .S8   |h Library of Congress classification  |i unmediated -- volume  |k v.19:no.1-25  |l 1907:Oct.5-1908:Mar.21  |m A14827646840 
998 f f |a HV1 .S8   |s v.20-21 (1908-1908/1909)  |t 0  |l Remote Storage